Teatro. (Record no. 56896)

MARC details
000 -LEADER
campo de control de longitud fija 00737nam a2200205 i 4500
001 - NÚMERO DE CONTROL
campo de control 56896
003 - IDENTIFICADOR DE NÚMERO DE CONTROL
campo de control ES-MaACL
005 - FECHA Y HORA DE LA ÚLTIMA TRANSACCIÓN
campo de control 20240529062941.0
007 - CAMPO FIJO DE DESCRIPCIÓN FÍSICA--INFORMACIÓN GENERAL
campo de control de longitud fija t|
008 - DATOS DE LONGITUD FIJA--INFORMACIÓN GENERAL
campo de control de longitud fija 180524s1919 sp |||| | spa d
100 1# - ENTRADA PRINCIPAL--NOMBRE DE PERSONA
Nombre de persona Vega, Lope de,
Fechas asociadas al nombre 1562-1635
9 (RLIN) 113563
245 10 - MENCIÓN DEL TÍTULO
Título Teatro.
Número de parte o sección de la obra I,
Nombre de parte o sección de la obra Peribáñez y el comendador de Ocaña ; La estrella de Sevilla ; El castigo sin venganza ; La dama boba /
Mención de responsabilidad, etc. Lope de Vega ; prólogo de Alfonso Reyes.
260 ## - PUBLICACIÓN, DISTRIBUCIÓN, ETC.
Lugar de publicación, distribución, etc. Madrid :
Nombre del editor, distribuidor, etc. Saturnino Calleja,
Fecha de publicación, distribución, etc. 1919.
300 ## - DESCRIPCIÓN FÍSICA
Extensión 346 p. ;
Dimensiones 15 cm.
490 1# - MENCIÓN DE SERIE
Mención de serie Biblioteca Calleja.
-- Primera serie
700 1# - ENTRADA AGREGADA--NOMBRE PERSONAL
Nombre de persona Reyes, Alfonso,
Fechas asociadas al nombre 1889-1959
9 (RLIN) 96554
830 0# - PUNTO DE ACCESO ADICIONAL DE SERIE-TÍTULO UNIFORME
Título uniforme Biblioteca Calleja.
-- Primera serie
9 (RLIN) 230410
852 ## - LOCALIZACIÓN
Ubicación ES-MaACL
Número de control de estantería F-13999
Holdings
Estatus retirado Estado de pérdida Estado de daño No para préstamo Biblioteca de origen Biblioteca actual Ubicación en estantería Fecha de adquisición Fuente de adquisición Total de préstamos Signatura topográfica completa Código de barras Visto por última vez Precio de reemplazo Tipo de ítem Koha
        Biblioteca del Ateneo de Madrid Biblioteca del Ateneo de Madrid Sala Pecera Planta 2 24/05/2018     F-13999 1198850 23/02/2023 23/02/2023 Libro impreso